000 00998nam0a22002531 4500
001 rc\426
005 20260405095204.0
035 _a(NLR Aleph) 005291288
090 _a6192842
_c6192842
100 _a20021204d1993 |||y0rusy50 ca
101 0 _arus
102 _aRU
105 _ay |||||||||
200 1 _aИзучение прав детей
_eУчеб.-метод. пособие для учителей сред. общеобразов. шк.
_fМ-во образования Рос. Федерации. Пенз. гос. пед. ин-т им. В. Г. Белинского
210 _aПенза
_cИзд-во ПГПИ
_d1993
215 _a48 с.
_d21
320 _aБиблиогр.: с. 38
700 1 _7ca
_8rus
_aАбрамов
_bВ. И.
_cд-р пед. наук; правоведение
_gВладимир Иванович
_918702
_3RU\NLR\AUTH\7735705
801 0 _aRU
_bNLR
_gpsbo
801 1 _aRU
_bELAR
_2rusmarc
852 _aNLR
_j94-4/9209
942 _cBOOK
980 _aNB